<?xml version="1.0" encoding="UTF-8"?>
<record
    xmlns:xsi="http://www.w3.org/2001/XMLSchema-instance"
    xsi:schemaLocation="http://www.loc.gov/MARC21/slim http://www.loc.gov/standards/marcxml/schema/MARC21slim.xsd"
    xmlns="http://www.loc.gov/MARC21/slim">

  <leader>00425nam a22001577a 4500</leader>
  <datafield tag="999" ind1=" " ind2=" ">
    <subfield code="c">3356</subfield>
    <subfield code="d">3356</subfield>
  </datafield>
  <controlfield tag="008">200609b           ||||| |||| 00| 0 eng d</controlfield>
  <datafield tag="020" ind1=" " ind2=" ">
    <subfield code="a">8121926165</subfield>
  </datafield>
  <datafield tag="082" ind1="0" ind2="0">
    <subfield code="a">620.1</subfield>
    <subfield code="b">K459</subfield>
  </datafield>
  <datafield tag="100" ind1=" " ind2=" ">
    <subfield code="9">15</subfield>
    <subfield code="a">Khurmi, R. S.</subfield>
  </datafield>
  <datafield tag="245" ind1="1" ind2="0">
    <subfield code="a">Engineering mechanics /</subfield>
  </datafield>
  <datafield tag="250" ind1=" " ind2=" ">
    <subfield code="a">20th ed., rev.</subfield>
  </datafield>
  <datafield tag="260" ind1=" " ind2=" ">
    <subfield code="a">New Delhi :</subfield>
    <subfield code="b">S. Chand Pvt. Ltd.</subfield>
    <subfield code="c">2008.</subfield>
  </datafield>
  <datafield tag="300" ind1=" " ind2=" ">
    <subfield code="a">xii, 765 p.</subfield>
  </datafield>
  <datafield tag="650" ind1=" " ind2="0">
    <subfield code="a">Mechanical Engineering</subfield>
  </datafield>
  <datafield tag="942" ind1=" " ind2=" ">
    <subfield code="c">BK</subfield>
  </datafield>
  <datafield tag="952" ind1=" " ind2=" ">
    <subfield code="0">0</subfield>
    <subfield code="1">0</subfield>
    <subfield code="2">ddc</subfield>
    <subfield code="4">0</subfield>
    <subfield code="6">620_100000000000000_K459</subfield>
    <subfield code="7">0</subfield>
    <subfield code="9">8988</subfield>
    <subfield code="a">CL</subfield>
    <subfield code="b">CL</subfield>
    <subfield code="d">2012-01-24</subfield>
    <subfield code="e">Shankars Book Agency</subfield>
    <subfield code="l">1</subfield>
    <subfield code="o">620.1 K459</subfield>
    <subfield code="p">11495</subfield>
    <subfield code="r">2023-11-10</subfield>
    <subfield code="s">2023-10-26</subfield>
    <subfield code="v">390.00</subfield>
    <subfield code="y">BK</subfield>
  </datafield>
  <datafield tag="952" ind1=" " ind2=" ">
    <subfield code="0">0</subfield>
    <subfield code="1">0</subfield>
    <subfield code="2">ddc</subfield>
    <subfield code="4">0</subfield>
    <subfield code="6">620_100000000000000_K459</subfield>
    <subfield code="7">0</subfield>
    <subfield code="9">8989</subfield>
    <subfield code="a">CL</subfield>
    <subfield code="b">CL</subfield>
    <subfield code="d">2012-01-24</subfield>
    <subfield code="e">Shankars Book Agency</subfield>
    <subfield code="l">1</subfield>
    <subfield code="o">620.1 K459</subfield>
    <subfield code="p">11496</subfield>
    <subfield code="r">2025-05-23</subfield>
    <subfield code="s">2025-05-09</subfield>
    <subfield code="v">390.00</subfield>
    <subfield code="y">BK</subfield>
  </datafield>
  <datafield tag="952" ind1=" " ind2=" ">
    <subfield code="0">0</subfield>
    <subfield code="1">0</subfield>
    <subfield code="2">ddc</subfield>
    <subfield code="4">0</subfield>
    <subfield code="6">620_100000000000000_K459</subfield>
    <subfield code="7">0</subfield>
    <subfield code="9">8990</subfield>
    <subfield code="a">CL</subfield>
    <subfield code="b">CL</subfield>
    <subfield code="d">2012-01-24</subfield>
    <subfield code="e">Shankars Book Agency</subfield>
    <subfield code="l">2</subfield>
    <subfield code="o">620.1 K459</subfield>
    <subfield code="p">11497</subfield>
    <subfield code="q">2026-07-14</subfield>
    <subfield code="r">2026-01-15</subfield>
    <subfield code="s">2026-01-15</subfield>
    <subfield code="v">390.00</subfield>
    <subfield code="y">BK</subfield>
  </datafield>
  <datafield tag="952" ind1=" " ind2=" ">
    <subfield code="0">0</subfield>
    <subfield code="1">0</subfield>
    <subfield code="2">ddc</subfield>
    <subfield code="4">0</subfield>
    <subfield code="6">620_100000000000000_K459</subfield>
    <subfield code="7">0</subfield>
    <subfield code="9">8991</subfield>
    <subfield code="a">CL</subfield>
    <subfield code="b">CL</subfield>
    <subfield code="d">2012-01-24</subfield>
    <subfield code="e">Shankars Book Agency</subfield>
    <subfield code="l">3</subfield>
    <subfield code="o">620.1 K459</subfield>
    <subfield code="p">11498</subfield>
    <subfield code="r">2024-04-24</subfield>
    <subfield code="s">2024-04-09</subfield>
    <subfield code="v">390.00</subfield>
    <subfield code="y">BK</subfield>
  </datafield>
</record>
